[Event "Stay Safe Play From Home 153"]
[Site "T#646141Emanuel Laske"]
[Date "2020.05.17"]
[Round "1"]
[White "Don59as"]
[Black "Tobo Rubirosa"]
[Result "1-0"]
[WhiteElo "2048"]
[BlackElo "1729"]
[Annotator "NA"]
[PlyCount "51"]
[EventDate "2020.05.17"]
[EventType "swiss (blitz)"]

1. c4 {[%emt 0:00:02]} Nf6 {[%emt 0:00:03]} 2. Nc3 {[%emt 0:00:05]} g6 {[%emt 0:00:01]} 3. e4 {[%emt 0:00:01]} d6 {[%emt 0:00:03]} 4. g3 {[%emt 0:00:01]} Bg7 {[%emt 0:00:01]} 5. Bg2 {[%emt 0:00:01]} O-O {[%emt 0:00:01]} 6. Nge2 {[%emt 0:00:01]} c5 {[%emt 0:00:01]} 7. O-O {[%emt 0:00:01]} Nc6 {[%emt 0:00:01]} 8. d4 {[%emt 0:00:01]} cxd4 {[%emt 0:00:10]} 9. Nxd4 {[%emt 0:00:00]} a6 {[%emt 0:00:04]} 10. h3 {[%emt 0:00:04]} Qa5 {[%emt 0:00:16]} 11. Nde2 {[%emt 0:00:07]} Ne5 {[%emt 0:00:06]} 12. b3 {[%emt 0:00:03]} b5 {[%emt 0:00:07]} 13. f4 {[%emt 0:00:16]} Nc6 {[%emt 0:00:34]} 14. e5 {[%emt 0:00:02]} dxe5 {[%emt 0:00:05]} 15. Bxc6 {[%emt 0:00:02]} Qb6+ {[%emt 0:00:03]} 16. Rf2 {[%emt 0:00:09]} Qxc6 {[%emt 0:00:02]} 17. fxe5 {[%emt 0:00:07]} Nd7 {[%emt 0:00:08]} 18. cxb5 {[%emt 0:00:11]} axb5 {[%emt 0:00:03]} 19. Bb2 {[%emt 0:00:25]} Bb7 {[%emt 0:00:07]} 20. Kh2 {[%emt 0:00:09]} Nxe5 {[%emt 0:00:04]} 21. Nd4 {[%emt 0:00:05]} Qb6 {[%emt 0:00:24]} 22. Ncxb5 {[%emt 0:00:10]} Rad8 {[%emt 0:00:09]} 23. a4 {[%emt 0:00:04]} Ng4+ {[%emt 0:00:15]} 24. hxg4 {[%emt 0:00:09]} Bf6 {[%emt 0:00:08]} 25. a5 {[%emt 0:00:24]} e5 {[%emt 0:00:00]} 26. axb6 {[%emt 0:00:01] Tobo Rubirosa rinde (Lag: Av=0.80s, max=0.9s)} 1-0

[Event "Stay Safe Play From Home 153"]
[Site "T#646141Emanuel Laske"]
[Date "2020.05.17"]
[Round "1"]
[White "Lazieri3"]
[Black "Matanant"]
[Result "1-0"]
[WhiteElo "1965"]
[BlackElo "1804"]
[Annotator "NA"]
[PlyCount "175"]
[EventDate "2020.05.17"]
[EventType "swiss (blitz)"]

1. e4 {[%emt 0:00:01]} e5 {[%emt 0:00:02]} 2. Nf3 {[%emt 0:00:01]} d5 {[%emt 0:00:01]} 3. Nc3 {[%emt 0:00:02]} d4 {[%emt 0:00:02]} 4. Ne2 {[%emt 0:00:01]} Bd6 {[%emt 0:00:02]} 5. d3 {[%emt 0:00:01]} Ne7 {[%emt 0:00:01]} 6. g3 {[%emt 0:00:00]} O-O {[%emt 0:00:01]} 7. Bg2 {[%emt 0:00:01]} Bg4 {[%emt 0:00:01]} 8. O-O {[%emt 0:00:02]} Qd7 {[%emt 0:00:03]} 9. Nh4 {[%emt 0:00:05]} Bh3 {[%emt 0:00:05]} 10. f4 {[%emt 0:00:03]} Bxg2 {[%emt 0:00:02]} 11. Nxg2 {[%emt 0:00:02]} Qg4 {[%emt 0:00:07]} 12. fxe5 {[%emt 0:00:02]} Bxe5 {[%emt 0:00:02]} 13. Bf4 {[%emt 0:00:00]} Ng6 {[%emt 0:00:04]} 14. Bxe5 {[%emt 0:00:05]} Nxe5 {[%emt 0:00:02]} 15. Nxd4 {[%emt 0:00:01]} Qxd1 {[%emt 0:00:15]} 16. Raxd1 {[%emt 0:00:00]} Nbd7 {[%emt 0:00:12]} 17. Nf3 {[%emt 0:00:09]} Ng4 {[%emt 0:00:09]} 18. h3 {[%emt 0:00:02]} Nge5 {[%emt 0:00:05]} 19. Nxe5 {[%emt 0:00:01]} Nxe5 {[%emt 0:00:01]} 20. Nf4 {[%emt 0:00:01]} c5 {[%emt 0:00:05]} 21. Nd5 {[%emt 0:00:02]} Nc6 {[%emt 0:00:11]} 22. c3 {[%emt 0:00:02]} Rad8 {[%emt 0:00:08]} 23. Rf5 {[%emt 0:00:03]} f6 {[%emt 0:00:05]} 24. Rdf1 {[%emt 0:00:02]} b6 {[%emt 0:00:03]} 25. g4 {[%emt 0:00:01]} Ne5 {[%emt 0:00:03]} 26. Rd1 {[%emt 0:00:05]} Rfe8 {[%emt 0:00:02]} 27. Kg2 {[%emt 0:00:03]} c4 {[%emt 0:00:02]} 28. Nf4 {[%emt 0:00:42]} Nxd3 {[%emt 0:00:06]} 29. Nxd3 {[%emt 0:00:02]} cxd3 {[%emt 0:00:06]} 30. Rd5 {[%emt 0:00:05]} Rxd5 {[%emt 0:00:04]} 31. exd5 {[%emt 0:00:00]} Re2+ {[%emt 0:00:03]} 32. Kf3 {[%emt 0:00:01]} Rxb2 {[%emt 0:00:02]} 33. Rxd3 {[%emt 0:00:01]} Kf8 {[%emt 0:00:01]} 34. d6 {[%emt 0:00:13]} Ke8 {[%emt 0:00:01]} 35. Ke4 {[%emt 0:00:00]} Kd7 {[%emt 0:00:06]} 36. Kd5 {[%emt 0:00:00]} Rb5+ {[%emt 0:00:03]} 37. Kc4 {[%emt 0:00:07]} Ra5 {[%emt 0:00:04]} 38. Kb3 {[%emt 0:00:02]} Rc5 {[%emt 0:00:08]} 39. c4 {[%emt 0:00:04]} Rc6 {[%emt 0:00:02]} 40. Re3 {[%emt 0:00:08]} Rxd6 {[%emt 0:00:02]} 41. a3 {[%emt 0:00:03]} Kc6 {[%emt 0:00:04]} 42. Kb4 {[%emt 0:00:01]} a5+ {[%emt 0:00:03]} 43. Kb3 {[%emt 0:00:02]} Rd7 {[%emt 0:00:03]} 44. Re6+ {[%emt 0:00:03]} Kc5 {[%emt 0:00:02]} 45. Kc3 {[%emt 0:00:06]} Rf7 {[%emt 0:00:13]} 46. Kd3 {[%emt 0:00:07]} g6 {[%emt 0:00:06]} 47. h4 {[%emt 0:00:03]} f5 {[%emt 0:00:04]} 48. Re5+ {[%emt 0:00:15]} Kd6 {[%emt 0:00:01]} 49. Rd5+ {[%emt 0:00:01]} Kc6 {[%emt 0:00:02]} 50. gxf5 {[%emt 0:00:08]} Rxf5 {[%emt 0:00:03]} 51. Rd8 {[%emt 0:00:06]} Rf3+ {[%emt 0:00:03]} 52. Kd4 {[%emt 0:00:01]} Rxa3 {[%emt 0:00:04]} 53. Rc8+ {[%emt 0:00:01]} Kd7 {[%emt 0:00:10]} 54. Rb8 {[%emt 0:00:01]} Kc7 {[%emt 0:00:02]} 55. Rh8 {[%emt 0:00:01]} h5 {[%emt 0:00:04]} 56. Rg8 {[%emt 0:00:03]} Rg3 {[%emt 0:00:03]} 57. Kd5 {[%emt 0:00:02]} Rg4 {[%emt 0:00:04]} 58. Rg7+ {[%emt 0:00:02]} Kb8 {[%emt 0:00:06]} 59. Kc6 {[%emt 0:00:12]} Rxc4+ {[%emt 0:00:03]} 60. Kxb6 {[%emt 0:00:01]} Kc8 {[%emt 0:00:09]} 61. Kxa5 {[%emt 0:00:04]} Rg4 {[%emt 0:00:03]} 62. Kb6 {[%emt 0:00:04]} Kd8 {[%emt 0:00:01]} 63. Kc6 {[%emt 0:00:00]} Ke8 {[%emt 0:00:01]} 64. Kd6 {[%emt 0:00:01]} Kf8 {[%emt 0:00:01]} 65. Ra7 {[%emt 0:00:02]} Rxh4 {[%emt 0:00:02]} 66. Ke6 {[%emt 0:00:01]} Rf4 {[%emt 0:00:05]} 67. Rh7 {[%emt 0:00:03]} Kg8 {[%emt 0:00:02]} 68. Ra7 {[%emt 0:00:01]} h4 {[%emt 0:00:03]} 69. Ke5 {[%emt 0:00:01]} g5 {[%emt 0:00:02]} 70. Ra3 {[%emt 0:00:03]} Kg7 {[%emt 0:00:02]} 71. Ra7+ {[%emt 0:00:01]} Kg6 {[%emt 0:00:02]} 72. Ra8 {[%emt 0:00:01]} Kh5 {[%emt 0:00:01]} 73. Rh8+ {[%emt 0:00:01]} Kg4 {[%emt 0:00:01]} 74. Ra8 {[%emt 0:00:00]} h3 {[%emt 0:00:02]} 75. Ra1 {[%emt 0:00:00]} Rf2 {[%emt 0:00:02]} 76. Rg1+ {[%emt 0:00:03]} Rg2 {[%emt 0:00:01]} 77. Rh1 {[%emt 0:00:01]} h2 {[%emt 0:00:01]} 78. Ke4 {[%emt 0:00:02]} Kg3 {[%emt 0:00:01]} 79. Rb1 {[%emt 0:00:02]} Rg1 {[%emt 0:00:03]} 80. Rb3+ {[%emt 0:00:01]} Kh4 {[%emt 0:00:01]} 81. Kf5 {[%emt 0:00:01]} h1=Q {[%emt 0:00:01]} 82. Rb4+ {[%emt 0:00:00]} g4 {[%emt 0:00:02]} 83. Rb6 {[%emt 0:00:05]} Rf1+ {[%emt 0:00:00]} 84. Kg6 {[%emt 0:00:01]} Qe4+ {[%emt 0:00:02]} 85. Kh6 {[%emt 0:00:01]} Rf5 {[%emt 0:00:04]} 86. Rg6 {[%emt 0:00:03]} g3 {[%emt 0:00:01]} 87. Kg7 {[%emt 0:00:02]} Qf4 {[%emt 0:00:00]} 88. Rh6+ {[%emt 0:00:01] Time} 1-0

[Event "Stay Safe Play From Home 153"]
[Site "T#646141Emanuel Laske"]
[Date "2020.05.17"]
[Round "1"]
[White "Haris kollari 13"]
[Black "Little champs"]
[Result "0-1"]
[WhiteElo "1942"]
[BlackElo "2254"]
[Annotator "NA"]
[PlyCount "90"]
[EventDate "2020.05.17"]
[EventType "swiss (blitz)"]

1. e4 {[%emt 0:00:01]} c5 {[%emt 0:00:01]} 2. Nf3 {[%emt 0:00:01]} d6 {[%emt 0:00:01]} 3. d4 {[%emt 0:00:01]} cxd4 {[%emt 0:00:00]} 4. Nxd4 {[%emt 0:00:00]} e6 {[%emt 0:00:00]} 5. Nc3 {[%emt 0:00:01]} Nf6 {[%emt 0:00:00]} 6. Be2 {[%emt 0:00:02]} Be7 {[%emt 0:00:01]} 7. f4 {[%emt 0:00:01]} O-O {[%emt 0:00:01]} 8. Be3 {[%emt 0:00:01]} a6 {[%emt 0:00:01]} 9. Qd2 {[%emt 0:00:01]} b5 {[%emt 0:00:02]} 10. Bf3 {[%emt 0:00:01]} Bb7 {[%emt 0:00:04]} 11. Qd3 {[%emt 0:00:02]} Nc6 {[%emt 0:00:01]} 12. g4 {[%emt 0:00:03]} Rc8 {[%emt 0:00:03]} 13. a3 {[%emt 0:00:03]} Na5 {[%emt 0:00:01]} 14. Bc1 {[%emt 0:00:07]} Nc4 {[%emt 0:00:07]} 15. b3 {[%emt 0:00:08]} Nb6 {[%emt 0:00:16]} 16. Bb2 {[%emt 0:00:02]} Qc7 {[%emt 0:00:02]} 17. O-O-O {[%emt 0:00:02]} Rfd8 {[%emt 0:00:07]} 18. Rhe1 {[%emt 0:00:02]} d5 {[%emt 0:00:03]} 19. e5 {[%emt 0:00:01]} Nfd7 {[%emt 0:00:06]} 20. Kb1 {[%emt 0:00:08]} b4 {[%emt 0:00:01]} 21. axb4 {[%emt 0:00:03]} Bxb4 {[%emt 0:00:01]} 22. Re3 {[%emt 0:00:01]} Nc5 {[%emt 0:00:02]} 23. Qe2 {[%emt 0:00:03]} Bxc3 {[%emt 0:00:23]} 24. Rxc3 {[%emt 0:00:04]} Qb8 {[%emt 0:00:10]} 25. f5 {[%emt 0:00:02]} Re8 {[%emt 0:00:10]} 26. f6 {[%emt 0:00:01]} Ncd7 {[%emt 0:00:12]} 27. Rxc8 {[%emt 0:00:09]} Rxc8 {[%emt 0:00:05]} 28. Re1 {[%emt 0:00:04]} Qc7 {[%emt 0:00:12]} 29. Qe3 {[%emt 0:00:03]} Qc5 {[%emt 0:00:16]} 30. Qg5 {[%emt 0:00:07]} Qf8 {[%emt 0:00:02]} 31. h4 {[%emt 0:00:01]} h6 {[%emt 0:00:05]} 32. Qf4 {[%emt 0:00:03]} g6 {[%emt 0:00:11]} 33. Bc1 {[%emt 0:00:10]} Kh7 {[%emt 0:00:09]} 34. Be2 {[%emt 0:00:01]} Nc5 {[%emt 0:00:03]} 35. Rg1 {[%emt 0:00:14]} Ne4 {[%emt 0:00:01]} 36. Bd3 {[%emt 0:00:03]} a5 {[%emt 0:00:01]} 37. Re1 {[%emt 0:00:06]} a4 {[%emt 0:00:01]} 38. bxa4 {[%emt 0:00:03]} Nxa4 {[%emt 0:00:01]} 39. Bxe4 {[%emt 0:00:06]} dxe4 {[%emt 0:00:01]} 40. Bb2 {[%emt 0:00:02]} Qb4 {[%emt 0:00:03]} 41. Qc1 {[%emt 0:00:03]} Nxb2 {[%emt 0:00:02]} 42. Nb3 {[%emt 0:00:09]} Nd3 {[%emt 0:00:01]} 43. cxd3 {[%emt 0:00:03]} Qxb3+ {[%emt 0:00:01]} 44. Qb2 {[%emt 0:00:02]} Qxd3+ {[%emt 0:00:01]} 45. Ka1 {[%emt 0:00:01]} Ra8+ {[%emt 0:00:05] Haris kollari 13 resigns (Lag: Av=0.73s, max=2.4s)} 0-1

[Event "Stay Safe Play From Home 153"]
[Site "T#646141Emanuel Laske"]
[Date "2020.05.17"]
[Round "1"]
[White "Edmatuag"]
[Black "Weltszmerc"]
[Result "0-1"]
[WhiteElo "1624"]
[BlackElo "2099"]
[Annotator "NA"]
[PlyCount "100"]
[EventDate "2020.05.17"]
[EventType "swiss (blitz)"]

1. Nf3 {[%emt 0:00:02]} d5 {[%emt 0:00:02]} 2. e4 {[%emt 0:00:02]} Nf6 {[%emt 0:00:05]} 3. exd5 {[%emt 0:00:07]} Nxd5 {[%emt 0:00:00]} 4. Bc4 {[%emt 0:00:02]} c6 {[%emt 0:00:01]} 5. O-O {[%emt 0:00:01]} Bg4 {[%emt 0:00:01]} 6. h3 {[%emt 0:00:03]} Bh5 {[%emt 0:00:01]} 7. d4 {[%emt 0:00:04]} e6 {[%emt 0:00:01]} 8. c3 {[%emt 0:00:08]} Be7 {[%emt 0:00:02]} 9. Nbd2 {[%emt 0:00:03]} O-O {[%emt 0:00:03]} 10. Qb3 {[%emt 0:00:07]} Qb6 {[%emt 0:00:03]} 11. Ne5 {[%emt 0:00:09]} Rd8 {[%emt 0:00:14]} 12. Bd3 {[%emt 0:00:13]} Qxb3 {[%emt 0:00:05]} 13. axb3 {[%emt 0:00:03]} Nf4 {[%emt 0:00:01]} 14. Bc2 {[%emt 0:00:11]} Ne2+ {[%emt 0:00:02]} 15. Kh1 {[%emt 0:00:04]} Nxc1 {[%emt 0:00:01]} 16. Raxc1 {[%emt 0:00:07]} Nd7 {[%emt 0:00:01]} 17. Ndc4 {[%emt 0:00:15]} Nxe5 {[%emt 0:00:10]} 18. Nxe5 {[%emt 0:00:02]} c5 {[%emt 0:00:04]} 19. dxc5 {[%emt 0:00:08]} Bxc5 {[%emt 0:00:03]} 20. g4 {[%emt 0:00:02]} Bg6 {[%emt 0:00:02]} 21. Nxg6 {[%emt 0:00:02]} hxg6 {[%emt 0:00:01]} 22. Be4 {[%emt 0:00:03]} Rd2 {[%emt 0:00:05]} 23. Rc2 {[%emt 0:00:01]} Rad8 {[%emt 0:00:04]} 24. b4 {[%emt 0:00:24]} Rxc2 {[%emt 0:00:17]} 25. Bxc2 {[%emt 0:00:02]} Rd2 {[%emt 0:00:02]} 26. bxc5 {[%emt 0:00:06]} Rxc2 {[%emt 0:00:01]} 27. b4 {[%emt 0:00:05]} Rxc3 {[%emt 0:00:02]} 28. Kg2 {[%emt 0:00:02]} Rc4 {[%emt 0:00:02]} 29. Ra1 {[%emt 0:00:01]} a6 {[%emt 0:00:05]} 30. Rb1 {[%emt 0:00:04]} e5 {[%emt 0:00:06]} 31. f3 {[%emt 0:00:05]} f5 {[%emt 0:00:01]} 32. g5 {[%emt 0:00:05]} Kf7 {[%emt 0:00:02]} 33. Kg3 {[%emt 0:00:02]} Ke6 {[%emt 0:00:03]} 34. b5 {[%emt 0:00:03]} a5 {[%emt 0:00:38]} 35. c6 {[%emt 0:00:17]} b6 {[%emt 0:00:10]} 36. Rd1 {[%emt 0:00:11]} Rc3 {[%emt 0:00:47]} 37. Kf2 {[%emt 0:00:19]} Rc5 {[%emt 0:00:03]} 38. Rd8 {[%emt 0:00:12]} f4 {[%emt 0:00:08]} 39. Ke2 {[%emt 0:00:03]} a4 {[%emt 0:00:11]} 40. Rd3 {[%emt 0:00:08]} Rxb5 {[%emt 0:00:13]} 41. Rc3 {[%emt 0:00:06]} Rc5 {[%emt 0:00:01]} 42. Ra3 {[%emt 0:00:22]} b5 {[%emt 0:00:02]} 43. Kd3 {[%emt 0:00:02]} Rxc6 {[%emt 0:00:01]} 44. Ra1 {[%emt 0:00:06]} Rc4 {[%emt 0:00:05]} 45. Rb1 {[%emt 0:00:01]} Rd4+ {[%emt 0:00:01]} 46. Kc3 {[%emt 0:00:03]} b4+ {[%emt 0:00:01]} 47. Kc2 {[%emt 0:00:02]} b3+ {[%emt 0:00:02]} 48. Kc3 {[%emt 0:00:01]} Kf5 {[%emt 0:00:03]} 49. Re1 {[%emt 0:00:03]} Rd8 {[%emt 0:00:08]} 50. Kb4 {[%emt 0:00:03]} Rb8+ {[%emt 0:00:03] Time (Lag: Av=0.83s, max=1.3s)} 0-1

[Event "Stay Safe Play From Home 153"]
[Site "T#646141Emanuel Laske"]
[Date "2020.05.17"]
[Round "1"]
[White "Germanicus G"]
[Black "Sfantul321"]
[Result "0-1"]
[WhiteElo "1616"]
[BlackElo "2070"]
[Annotator "NA"]
[PlyCount "134"]
[EventDate "2020.05.17"]
[EventType "swiss (blitz)"]

1. b3 {[%emt 0:00:03]} Nf6 {[%emt 0:00:04]} 2. Bb2 {[%emt 0:00:00]} c5 {[%emt 0:00:01]} 3. c4 {[%emt 0:00:03]} Nc6 {[%emt 0:00:01]} 4. Nc3 {[%emt 0:00:01]} e5 {[%emt 0:00:01]} 5. g3 {[%emt 0:00:02]} d6 {[%emt 0:00:01]} 6. Bg2 {[%emt 0:00:01]} g6 {[%emt 0:00:01]} 7. e3 {[%emt 0:00:01]} Bg7 {[%emt 0:00:00]} 8. Nge2 {[%emt 0:00:01]} O-O {[%emt 0:00:01]} 9. O-O {[%emt 0:00:02]} Bg4 {[%emt 0:00:01]} 10. h3 {[%emt 0:00:03]} Bf5 {[%emt 0:00:01]} 11. d4 {[%emt 0:00:03]} exd4 {[%emt 0:00:04]} 12. exd4 {[%emt 0:00:01]} Qc8 {[%emt 0:00:02]} 13. g4 {[%emt 0:00:02]} Bd7 {[%emt 0:00:03]} 14. dxc5 {[%emt 0:00:02]} dxc5 {[%emt 0:00:01]} 15. Nd5 {[%emt 0:00:10]} Re8 {[%emt 0:00:03]} 16. Bxf6 {[%emt 0:00:05]} Be6 {[%emt 0:00:04]} 17. Bxg7 {[%emt 0:00:03]} Kxg7 {[%emt 0:00:03]} 18. Nef4 {[%emt 0:00:01]} Nd4 {[%emt 0:00:03]} 19. Nxe6+ {[%emt 0:00:08]} fxe6 {[%emt 0:00:01]} 20. Nf4 {[%emt 0:00:05]} Qc7 {[%emt 0:00:03]} 21. Ne2 {[%emt 0:00:02]} Rad8 {[%emt 0:00:03]} 22. Nxd4 {[%emt 0:00:01]} cxd4 {[%emt 0:00:01]} 23. Qd3 {[%emt 0:00:01]} e5 {[%emt 0:00:01]} 24. Qe4 {[%emt 0:00:02]} b6 {[%emt 0:00:01]} 25. Rad1 {[%emt 0:00:02]} Re7 {[%emt 0:00:02]} 26. Rfe1 {[%emt 0:00:02]} Rde8 {[%emt 0:00:01]} 27. Rd2 {[%emt 0:00:06]} Qc5 {[%emt 0:00:01]} 28. Rde2 {[%emt 0:00:02]} a5 {[%emt 0:00:03]} 29. Qd3 {[%emt 0:00:03]} Qb4 {[%emt 0:00:04]} 30. Bd5 {[%emt 0:00:01]} b5 {[%emt 0:00:05]} 31. cxb5 {[%emt 0:00:02]} Qc5 {[%emt 0:00:04]} 32. Bc4 {[%emt 0:00:03]} Rf8 {[%emt 0:00:04]} 33. a4 {[%emt 0:00:05]} Rf4 {[%emt 0:00:11]} 34. f3 {[%emt 0:00:05]} Re8 {[%emt 0:00:09]} 35. Kg2 {[%emt 0:00:02]} Ref8 {[%emt 0:00:01]} 36. Rxe5 {[%emt 0:00:03]} Qb4 {[%emt 0:00:03]} 37. R5e4 {[%emt 0:00:10]} Rxf3 {[%emt 0:00:01]} 38. Qxf3 {[%emt 0:00:01]} Rxf3 {[%emt 0:00:01]} 39. Kxf3 {[%emt 0:00:01]} Qc3+ {[%emt 0:00:01]} 40. Kf2 {[%emt 0:00:05]} d3 {[%emt 0:00:02]} 41. Rd1 {[%emt 0:00:03]} Qc2+ {[%emt 0:00:01]} 42. Ke1 {[%emt 0:00:01]} d2+ {[%emt 0:00:01]} 43. Rxd2 {[%emt 0:00:02]} Qxe4+ {[%emt 0:00:01]} 44. Kd1 {[%emt 0:00:03]} Qh1+ {[%emt 0:00:01]} 45. Kc2 {[%emt 0:00:02]} Qxh3 {[%emt 0:00:01]} 46. Rd4 {[%emt 0:00:05]} Qg2+ {[%emt 0:00:02]} 47. Kc3 {[%emt 0:00:02]} Qf3+ {[%emt 0:00:01]} 48. Bd3 {[%emt 0:00:02]} Qe3 {[%emt 0:00:07]} 49. b4 {[%emt 0:00:01]} Qc1+ {[%emt 0:00:04]} 50. Bc2 {[%emt 0:00:04]} Qa3+ {[%emt 0:00:02]} 51. Bb3 {[%emt 0:00:02]} Qc1+ {[%emt 0:00:02]} 52. Kd3 {[%emt 0:00:01]} Qb1+ {[%emt 0:00:03]} 53. Kc3 {[%emt 0:00:01]} Qa1+ {[%emt 0:00:02]} 54. Kc4 {[%emt 0:00:02]} axb4 {[%emt 0:00:01]} 55. b6 {[%emt 0:00:03]} Qc3+ {[%emt 0:00:02]} 56. Kd5 {[%emt 0:00:02]} Qxb3+ {[%emt 0:00:01]} 57. Rc4 {[%emt 0:00:01]} Qxa4 {[%emt 0:00:01]} 58. Kc5 {[%emt 0:00:04]} Qa5+ {[%emt 0:00:02]} 59. Kc6 {[%emt 0:00:02]} b3 {[%emt 0:00:01]} 60. b7 {[%emt 0:00:02]} Qa6+ {[%emt 0:00:01]} 61. Kc7 {[%emt 0:00:01]} Qxc4+ {[%emt 0:00:01]} 62. Kb8 {[%emt 0:00:05]} b2 {[%emt 0:00:02]} 63. Ka7 {[%emt 0:00:04]} Qa4+ {[%emt 0:00:01]} 64. Kb6 {[%emt 0:00:02]} b1=Q+ {[%emt 0:00:01]} 65. Kc7 {[%emt 0:00:00]} Qa7 {[%emt 0:00:02]} 66. Kc8 {[%emt 0:00:01]} Qbxb7+ {[%emt 0:00:02]} 67. Kd8 {[%emt 0:00:00]} Qbb8# {[%emt 0:00:01] (Lag: Av=0.17s, max=0.2s)} 0-1

[Event "Stay Safe Play From Home 153"]
[Site "T#646141Emanuel Laske"]
[Date "2020.05.17"]
[Round "2"]
[White "Weltszmerc"]
[Black "Little champs"]
[Result "1/2-1/2"]
[WhiteElo "2101"]
[BlackElo "2258"]
[Annotator "RC"]
[PlyCount "108"]
[EventDate "2020.05.17"]
[EventType "swiss (blitz)"]

1. d4 {[%emt 0:00:02]} Nf6 {[%emt 0:00:02]} 2. c4 {[%emt 0:00:01]} e6 {[%emt 0:00:01]} 3. Nf3 {[%emt 0:00:01]} d5 {[%emt 0:00:01]} 4. g3 {[%emt 0:00:01]} Be7 {[%emt 0:00:01]} 5. Bg2 {[%emt 0:00:01]} O-O {[%emt 0:00:00]} 6. O-O {[%emt 0:00:01]} Nbd7 {[%emt 0:00:01]} 7. Nbd2 {[%emt 0:00:01]} c5 {[%emt 0:00:03]} 8. cxd5 {[%emt 0:00:01]} Nxd5 {[%emt 0:00:03]} 9. e4 {[%emt 0:00:01]} N5f6 {[%emt 0:00:01]} 10. e5 {[%emt 0:00:07]} Nd5 {[%emt 0:00:01]} 11. Ne4 {[%emt 0:00:01]} cxd4 {[%emt 0:00:01]} 12. Qxd4 {[%emt 0:00:04]} Qb6 {[%emt 0:00:04]} 13. Qxb6 {[%emt 0:00:22]} axb6 {[%emt 0:00:06]} 14. Nd6 {[%emt 0:00:06]} Nxe5 {[%emt 0:00:06]} 15. Nxc8 {[%emt 0:00:06]} Nxf3+ {[%emt 0:00:10]} 16. Bxf3 {[%emt 0:00:00]} Raxc8 {[%emt 0:00:02]} 17. Rd1 {[%emt 0:00:07]} Rfd8 {[%emt 0:00:02]} 18. Bd2 {[%emt 0:00:39]} Bf6 {[%emt 0:00:06]} 19. Rab1 {[%emt 0:00:03]} Rc2 {[%emt 0:00:04]} 20. Bxd5 {[%emt 0:00:16]} Rxd5 {[%emt 0:00:04]} 21. Bc3 {[%emt 0:00:12]} Kf8 {[%emt 0:00:12]} 22. Rxd5 {[%emt 0:00:06]} exd5 {[%emt 0:00:01]} 23. Bxf6 {[%emt 0:00:02]} gxf6 {[%emt 0:00:01]} 24. Rd1 {[%emt 0:00:07]} Rxb2 {[%emt 0:00:01]} 25. Rxd5 {[%emt 0:00:01]} Rxa2 {[%emt 0:00:01]} 26. Rd7 {[%emt 0:00:18]} Ra7 {[%emt 0:00:19]} 27. Kg2 {[%emt 0:00:02]} Ke8 {[%emt 0:00:01]} 28. Rc7 {[%emt 0:00:01]} b5 {[%emt 0:00:01]} 29. Rc5 {[%emt 0:00:02]} Ra5 {[%emt 0:00:01]} 30. Rc7 {[%emt 0:00:01]} b6 {[%emt 0:00:10]} 31. Rc6 {[%emt 0:00:02]} Ra6 {[%emt 0:00:05]} 32. Rxf6 {[%emt 0:00:14]} b4 {[%emt 0:00:09]} 33. Rf4 {[%emt 0:00:02]} Ra4 {[%emt 0:00:02]} 34. Rf6 {[%emt 0:00:05] Weltszmerc proponuje remis} Ra1 {[%emt 0:00:26]} 35. Rxb6 {[%emt 0:00:03]} Rb1 {[%emt 0:00:01]} 36. h4 {[%emt 0:00:03]} b3 {[%emt 0:00:01]} 37. Kf3 {[%emt 0:00:01]} Kd7 {[%emt 0:00:01]} 38. Kf4 {[%emt 0:00:03]} Kc7 {[%emt 0:00:03]} 39. Rb4 {[%emt 0:00:01]} Kc6 {[%emt 0:00:01]} 40. Kg5 {[%emt 0:00:03]} Kc5 {[%emt 0:00:01]} 41. Rb8 {[%emt 0:00:01]} Kc4 {[%emt 0:00:01]} 42. Kf6 {[%emt 0:00:04]} Rf1 {[%emt 0:00:01]} 43. f4 {[%emt 0:00:01]} Rf3 {[%emt 0:00:04]} 44. f5 {[%emt 0:00:04]} Rxg3 {[%emt 0:00:01]} 45. Kxf7 {[%emt 0:00:00]} Rh3 {[%emt 0:00:03]} 46. f6 {[%emt 0:00:06]} Rxh4 {[%emt 0:00:01]} 47. Kg7 {[%emt 0:00:01]} Kc3 {[%emt 0:00:39]} 48. f7 {[%emt 0:00:02]} Rg4+ {[%emt 0:00:04]} 49. Kxh7 {[%emt 0:00:01]} Rf4 {[%emt 0:00:02]} 50. f8=Q {[%emt 0:00:06]} Rxf8 {[%emt 0:00:02]} 51. Rxf8 {[%emt 0:00:00]} b2 {[%emt 0:00:01]} 52. Rb8 {[%emt 0:00:02]} Kc2 {[%emt 0:00:01]} 53. Kg6 {[%emt 0:00:00]} b1=Q {[%emt 0:00:01]} 54. Rxb1 {[%emt 0:00:01]} Kxb1 {[%emt 0:00:00] (Lag: Av=0.93s, max=1.8s)} 1/2-1/2